000 00418nam a22001577a 4500
020 _a07-10000-121208
082 _a894.812.3
_bKAV/N
100 _aKAVILPAD, A B V
245 _aNAZARUDHEEN MULLAYUM 101 NARMAKATHAKALUM
_bCHILDREN'S LITERATURE
250 _a7
260 _aTHRISSUR
_bH&C PUBLISHING HOUSE
_c2008
300 _a128
520 _aCOMIC STORIES
650 _aMALAYALAM SHORT STORIES
_zKERALA
942 _cBK
999 _c1250
_d1250